<?xml version="1.0" encoding="UTF-8"?>
<record
    xmlns:xsi="http://www.w3.org/2001/XMLSchema-instance"
    xsi:schemaLocation="http://www.loc.gov/MARC21/slim http://www.loc.gov/standards/marcxml/schema/MARC21slim.xsd"
    xmlns="http://www.loc.gov/MARC21/slim">

  <leader>00302nam a22001337a 4500</leader>
  <controlfield tag="003">SGT</controlfield>
  <datafield tag="082" ind1=" " ind2=" ">
    <subfield code="a">610</subfield>
    <subfield code="b">O07G</subfield>
  </datafield>
  <datafield tag="100" ind1=" " ind2=" ">
    <subfield code="a">GUPTA,A.C.</subfield>
  </datafield>
  <datafield tag="245" ind1=" " ind2=" ">
    <subfield code="a">ORGANON OF MEDICINE AT A GLANCE FOR BHMS STUDENTS</subfield>
  </datafield>
  <datafield tag="260" ind1=" " ind2=" ">
    <subfield code="a">INDIA</subfield>
    <subfield code="b">B.JAIN PUB</subfield>
    <subfield code="c">2007</subfield>
  </datafield>
  <datafield tag="300" ind1=" " ind2=" ">
    <subfield code="a">83</subfield>
  </datafield>
  <datafield tag="650" ind1=" " ind2=" ">
    <subfield code="a">HOMOEOPATHIC</subfield>
  </datafield>
  <datafield tag="942" ind1=" " ind2=" ">
    <subfield code="2">ddc</subfield>
    <subfield code="c">BK</subfield>
  </datafield>
  <datafield tag="952" ind1=" " ind2=" ">
    <subfield code="0">0</subfield>
    <subfield code="1">0</subfield>
    <subfield code="2">ddc</subfield>
    <subfield code="4">0</subfield>
    <subfield code="7">0</subfield>
    <subfield code="a">FH</subfield>
    <subfield code="b">FH</subfield>
    <subfield code="c">TXT</subfield>
    <subfield code="d">2020-08-12</subfield>
    <subfield code="e">B.JAIN PUB.</subfield>
    <subfield code="g">30.00</subfield>
    <subfield code="i">SGTU</subfield>
    <subfield code="l">0</subfield>
    <subfield code="o">610 O07G</subfield>
    <subfield code="p">FH1941</subfield>
    <subfield code="r">2020-08-12 00:00:00</subfield>
    <subfield code="w">2016-09-02</subfield>
    <subfield code="y">BK</subfield>
    <subfield code="k">147010</subfield>
  </datafield>
  <datafield tag="952" ind1=" " ind2=" ">
    <subfield code="0">0</subfield>
    <subfield code="1">0</subfield>
    <subfield code="2">ddc</subfield>
    <subfield code="4">0</subfield>
    <subfield code="7">0</subfield>
    <subfield code="a">FH</subfield>
    <subfield code="b">FH</subfield>
    <subfield code="c">TXT</subfield>
    <subfield code="d">2020-08-12</subfield>
    <subfield code="e">B.JAIN PUB.</subfield>
    <subfield code="g">30.00</subfield>
    <subfield code="i">SGTU</subfield>
    <subfield code="l">0</subfield>
    <subfield code="o">610 O07G</subfield>
    <subfield code="p">FH1942</subfield>
    <subfield code="r">2020-08-12 00:00:00</subfield>
    <subfield code="w">2016-09-02</subfield>
    <subfield code="y">BK</subfield>
    <subfield code="k">147010</subfield>
  </datafield>
  <datafield tag="952" ind1=" " ind2=" ">
    <subfield code="0">0</subfield>
    <subfield code="1">0</subfield>
    <subfield code="2">ddc</subfield>
    <subfield code="4">0</subfield>
    <subfield code="7">0</subfield>
    <subfield code="a">FH</subfield>
    <subfield code="b">FH</subfield>
    <subfield code="c">TXT</subfield>
    <subfield code="d">2020-08-12</subfield>
    <subfield code="e">B.JAIN PUB.</subfield>
    <subfield code="g">30.00</subfield>
    <subfield code="i">SGTU</subfield>
    <subfield code="l">0</subfield>
    <subfield code="o">610 O07G</subfield>
    <subfield code="p">FH1943</subfield>
    <subfield code="r">2020-08-12 00:00:00</subfield>
    <subfield code="w">2016-09-02</subfield>
    <subfield code="y">BK</subfield>
    <subfield code="k">147010</subfield>
  </datafield>
  <datafield tag="952" ind1=" " ind2=" ">
    <subfield code="0">0</subfield>
    <subfield code="1">0</subfield>
    <subfield code="2">ddc</subfield>
    <subfield code="4">0</subfield>
    <subfield code="7">0</subfield>
    <subfield code="a">FH</subfield>
    <subfield code="b">FH</subfield>
    <subfield code="c">TXT</subfield>
    <subfield code="d">2020-08-12</subfield>
    <subfield code="e">B.JAIN PUB.</subfield>
    <subfield code="g">30.00</subfield>
    <subfield code="i">SGTU</subfield>
    <subfield code="l">0</subfield>
    <subfield code="o">610 O07G</subfield>
    <subfield code="p">FH1944</subfield>
    <subfield code="r">2020-08-12 00:00:00</subfield>
    <subfield code="w">2016-09-02</subfield>
    <subfield code="y">BK</subfield>
    <subfield code="k">147010</subfield>
  </datafield>
  <datafield tag="952" ind1=" " ind2=" ">
    <subfield code="0">0</subfield>
    <subfield code="1">0</subfield>
    <subfield code="2">ddc</subfield>
    <subfield code="4">0</subfield>
    <subfield code="7">0</subfield>
    <subfield code="a">FH</subfield>
    <subfield code="b">FH</subfield>
    <subfield code="c">TXT</subfield>
    <subfield code="d">2020-08-12</subfield>
    <subfield code="e">B.JAIN PUB.</subfield>
    <subfield code="g">30.00</subfield>
    <subfield code="i">SGTU</subfield>
    <subfield code="l">0</subfield>
    <subfield code="o">610 O07G</subfield>
    <subfield code="p">FH1945</subfield>
    <subfield code="r">2020-08-12 00:00:00</subfield>
    <subfield code="w">2016-09-02</subfield>
    <subfield code="y">BK</subfield>
    <subfield code="k">147010</subfield>
  </datafield>
  <datafield tag="952" ind1=" " ind2=" ">
    <subfield code="0">0</subfield>
    <subfield code="1">0</subfield>
    <subfield code="2">ddc</subfield>
    <subfield code="4">0</subfield>
    <subfield code="7">0</subfield>
    <subfield code="a">FH</subfield>
    <subfield code="b">FH</subfield>
    <subfield code="c">TXT</subfield>
    <subfield code="d">2020-08-12</subfield>
    <subfield code="e">B.JAIN PUB.</subfield>
    <subfield code="g">30.00</subfield>
    <subfield code="i">SGTU</subfield>
    <subfield code="l">0</subfield>
    <subfield code="o">610 O07G</subfield>
    <subfield code="p">FH1946</subfield>
    <subfield code="r">2020-08-12 00:00:00</subfield>
    <subfield code="w">2016-09-02</subfield>
    <subfield code="y">BK</subfield>
    <subfield code="k">147010</subfield>
  </datafield>
  <datafield tag="952" ind1=" " ind2=" ">
    <subfield code="0">0</subfield>
    <subfield code="1">0</subfield>
    <subfield code="2">ddc</subfield>
    <subfield code="4">0</subfield>
    <subfield code="7">0</subfield>
    <subfield code="a">FH</subfield>
    <subfield code="b">FH</subfield>
    <subfield code="c">TXT</subfield>
    <subfield code="d">2020-08-12</subfield>
    <subfield code="e">B.JAIN PUB.</subfield>
    <subfield code="g">30.00</subfield>
    <subfield code="i">SGTU</subfield>
    <subfield code="l">0</subfield>
    <subfield code="o">610 O07G</subfield>
    <subfield code="p">FH1947</subfield>
    <subfield code="r">2020-08-12 00:00:00</subfield>
    <subfield code="w">2016-09-02</subfield>
    <subfield code="y">BK</subfield>
    <subfield code="k">147010</subfield>
  </datafield>
  <datafield tag="952" ind1=" " ind2=" ">
    <subfield code="0">0</subfield>
    <subfield code="1">0</subfield>
    <subfield code="2">ddc</subfield>
    <subfield code="4">0</subfield>
    <subfield code="7">0</subfield>
    <subfield code="a">FH</subfield>
    <subfield code="b">FH</subfield>
    <subfield code="c">TXT</subfield>
    <subfield code="d">2020-08-12</subfield>
    <subfield code="e">B.JAIN PUB.</subfield>
    <subfield code="g">30.00</subfield>
    <subfield code="i">SGTU</subfield>
    <subfield code="l">0</subfield>
    <subfield code="o">610 O07G</subfield>
    <subfield code="p">FH1948</subfield>
    <subfield code="r">2020-08-12 00:00:00</subfield>
    <subfield code="w">2016-09-02</subfield>
    <subfield code="y">BK</subfield>
    <subfield code="k">147010</subfield>
  </datafield>
  <datafield tag="999" ind1=" " ind2=" ">
    <subfield code="c">20466</subfield>
    <subfield code="d">20466</subfield>
  </datafield>
</record>
